Detalles MARC
| 000 -LIDER |
| fixed length control field |
01244nam a2200289 a 4500 |
| 001 - NÚMERO DE CONTROL |
| Identificador de número de control |
|
| 003 - IDENTIFICACDOR DE NÚMERO DE CONTROL |
| control field |
DO-SdBNP |
| 005 - DATE AND TIME OF LATEST TRANSACTION |
| control field |
20220207122710.0 |
| 008 - ELEMENTOS DE LONGITUD FIJA |
| fixed length control field |
180315s2004 dr 000 0 spa d |
| 020 ## - ISBN |
| International Standard Book Number |
9789945898798 |
| 040 ## - FUENTE DE CATALOGACIÓN |
| Agencia que crea de manera original el registro |
DO-SdBNP |
| Idioma de catalogación |
spa |
| Agencia que realiza la transcripción |
BNPHU |
| 082 ## - NÚMERO DE CLASIFICACIÓN DECIMAL DE DEWEY |
| Classification number |
343.0327293 |
| Item number |
L681c |
| Edition number |
22 |
| 110 2# - ASIENTO PRINCIPAL--NOMBRE CORPORATIVO |
| Nombre corporativo o de jurisdicción |
República Dominicana |
| 240 10 - TITULO UNIFORME |
| Título uniforme |
[Leyes , etc.] |
| 245 10 - MENCIÓN DE TITULO |
| Título |
Ley 183-02 : |
| Subtítulo |
código monetario y financiero (mod. por las leyes 189-11, 167-07, 92-04 ; adecuado conforme la constitución vigente, las leyes 247-12, 494-06, 498-06, el dec. . 56-10 y sus modificaciones y revisada con las leyes 126-15, 480-08, 13-07 y 6-04) |
| 260 ## - PUBLICACIÓN, DISTRIBUCIÓN, ETC. (PIE DE IMPRENTA) |
| Lugar de publicación, distribución, etc |
Santo Domingo : |
| Nombre del editor, distribuidor, etc. |
Librería Delma |
| Fecha de publicación, distribución, etc |
[200-?]. |
| 300 ## - DESCRIPCIÓN FÍSICA |
| Extensión |
116 p. ; |
| Dimensiones |
21 cm. |
| 500 ## - NOTA GENERAL |
| Nota general |
Incluye referencias bibliográficas y notas al pie de las paginas |
| 590 ## - NOTA LOCAL |
| Texto de la nota local |
Inventariado, 2022/VM |
| 650 #4 - ENCABEZAMIENTO DE MATERIA--TEMÁTICO |
| Término temático o nombre geográfico como elemento de entrada |
Estatuto orgánico del sistema financiero |
| Subdivisión geográfica |
República Dominicana |
| 650 #4 - ENCABEZAMIENTO DE MATERIA--TEMÁTICO |
| Término temático o nombre geográfico como elemento de entrada |
Sistema financiero |
| Subdivisión temática general |
Legislación |
| Subdivisión geográfica |
República Dominicana |
| 650 #4 - ENCABEZAMIENTO DE MATERIA--TEMÁTICO |
| Término temático o nombre geográfico como elemento de entrada |
Instituciones financieras |
| Subdivisión temática general |
Legislación |
| Subdivisión geográfica |
República Dominicana |
| 650 #4 - ENCABEZAMIENTO DE MATERIA--TEMÁTICO |
| Término temático o nombre geográfico como elemento de entrada |
Leyes |
| Subdivisión geográfica |
República Dominicana |
| 650 #4 - ENCABEZAMIENTO DE MATERIA--TEMÁTICO |
| Término temático o nombre geográfico como elemento de entrada |
Reformas constitucionales |
| Subdivisión geográfica |
República Dominicana |
| 910 ## - VALIDACIÓN |
| Validación |
VMateo V. |
| 942 ## - ADDED ENTRY ELEMENTS (KOHA) |
| Source of classification or shelving scheme |
Dewey Decimal Classification |
| Koha item type |
Libros |